| 000 | 01052nam a2200205Ia 4500 | ||
|---|---|---|---|
| 999 |
_c56149 _d56149 |
||
| 001 | 23250 | ||
| 003 | GE_BSU | ||
| 005 | 20251110153402.0 | ||
| 008 | 181216s1973||||ge |||||||||||||| ||geo|| | ||
| 040 | _cGE_BSU | ||
| 041 | _ageo | ||
| 080 | _a94(100)"15/18"(075.8) ა-96 | ||
| 245 |
_aახალი ისტორია : მეორე პერიოდი. წ. 1 : 1870-1900 : _cსახელმძღვ. უნ-ტის და პედ.ინ-ტის ისტორიის ფაკ-ტის სტუდენტებისა და ასპირანტებისათვის / _hრედ. გ. ჟორდანია. |
||
| 264 |
_aთბილისი : _bთბილ. უნ-ტის გამ-ბა, _c1973. |
||
| 300 |
_a559 გვ. : _b 10 გვ. ილ. ; _c22 სმ. |
||
| 541 | _h12 ლ. | ||
| 653 | _aახალი ისტორია : მეორე პერიოდი. წ. 1 : 1870-1900 | ||
| 700 |
_aჟორდანია, გ. _eრედაქტორი _94668 |
||
| 942 |
_cBK _2udc |
||